000 00678nam a2200229 a 4500
001 51420
003 BD-RjUL
005 20211209075646.0
008 160831s1955 nyua 000 0 eng
035 _a(BD-RjUL)51540
040 _aDLC
_cFM
_dOCoLC
_dUk
_dOCoLC
_dDLC
_dBD-RjUL
_beng
041 _aeng
082 _a382
_223
_bTAI 1955
100 1 _aTarshis, Lorie.
_9131154
245 1 0 _aIntroduction to international trade and finance /
_cLorie Tarshis
260 _aNew York :
_bWiley & sons,
_c1955
300 _a536 p. :
_bill. ;
_c24 cm.
500 _aIncludes Index
650 0 _aCommerce.
_9153816
650 0 _aInternational economic relations.
_9153817
942 _2ddc
_cBK
999 _c51420
_d51420